000
00193nam a22000857a 4500
008
161020b xxu||||| |||| 00| 0 eng d
100
_9
895
_a
Hindi
245
_a
Hindi Story
260
_a
New Delhi
_c
2000
999
_c
3549
_d
3549